000 00937mam a2200229 a 4500
001 38583
003 BD-RjUL
005 20211209052826.0
008 160712s1977 bg af b 001 0 ben
035 _a(BD-RjUL)38691
040 _aDLC
_cGZM
_bben
041 _aben
082 _222
_aB 305.80095492
_bSAA 1977
100 1 _aসাত্তার, আবদুস
_9119064
245 1 0 _aআরণ্য সংস্কৃতি /
_cআবদুস সাত্তার
260 _aঢাকা :
_bমুক্তধারা,
_c১৯৭৭.
300 _a১১, ২৭৫ পৃ., [৮] প্লেট পাতা :
_bচিত্র ;
_c২২ সেমি.
504 _aবিবলিওগ্রাফি ও ইনডেক্স অন্তর্ভুক্ত আছে.
650 0 _aEthnology
_zBangladesh.
_9119065
650 0 _aজাতিতত্ত্ব
_zবাংলাদেশ
_9119066
942 _2ddc
_cBK
999 _c38583
_d38583